• 首页
  • 本馆介绍
  • 公告通知
  • 最新文献
  • 馆藏检索
  • 电子资源
  • 读者导购
  • 参考咨询
  • 我的图书馆
  • 登录
  • 详细信息显示
  • 放入我的书架
  • 预约/预借图书
  • 作者相关作品
  • 分类相关作品
  • 丛书相关作品
  • 出版社相关作品

书目信息

  • 表格格式
  • 工作单格式
  • 卡片格式
题名:
弹性理论基础
    
 
作者: 陆明万 , 罗学富 著
分册:  
出版信息: 北京   清华大学出版社  1990.2
页数: 690页
开本: 20cm
丛书名:
单 册:
中图分类: TB125
科图分类:
主题词: 工程力学
电子资源:
ISBN: 7-302-00432-3
000 00567nam0 2200205 45
001 0312221749
005 20040906112629.0
010    @dCNY5.15@a7-302-00432-3
100    @a20031222d1990 km y0chiy0120 ea
101    @achi
105    @a z 000yy
200 1  @a弹性理论基础@ADan Xing Li Lun Ji Chu@f陆明万,罗学富著@FLu Ming Wan,LuoXue Fu Zhu
210    @a北京@c清华大学出版社@d1990.2
215    @a690页@d20cm
606 0  @a工程力学
690    @aTB125@v3
701 0  @a陆明万@4著
701 0  @a罗学富@4著
801    @aCN@bTSTCL@c20031222
905    @dTB125@e13@f1@b231433
    
    弹性理论基础/陆明万,罗学富著.-北京:清华大学出版社,1990.2
    690页;20cm
    
    
    ISBN 7-302-00432-3:CNY5.15
    
●
相关链接 在E读中查询图书 在五车中查询图书 在当当中查询图书 在豆瓣中查询图书


正题名:弹性理论基础     索取号:TB125/13         预约/预借

序号 登录号 条形码 馆藏地/架位号 状态 备注
1 0231433   001946023   密集书库/ [索取号:TB125/13] 在馆    
2 0231434   000883690   密集书库/ [索取号:TB125/13] 在馆    
3 0231435   000883707   第二样本阅览室/ [索取号:TB125/13] 在馆    
唐山师范学院图书馆 欢迎您!
大连网信软件有限公司© 版权所有